Parroquias de Salvaterra de Miño - Estadísticas

Estadísticas generales
  • Esta prueba ha sido intentada 13 veces
  • La puntuación promedio es 11 de 17
Respuestas en el mapa
Las respuestas están codificadas por una escala verde-roja en el mapa de la prueba según el % correcto abajo.
 
Estadísticas de respuestas
Respuesta % Correcto
Salvaterra
100%
Alxen
78%
Leirado
78%
Arantei
67%
Corzans
67%
Fiolledo
67%
Fornelos
67%
Cabreira
56%
Lira
56%
Lourido
56%
Meder
56%
Oleiros
56%
Pesqueiras
56%
Porto
56%
Soutolobre
56%
Uma
56%
Vilacoba
56%
No se encontraron pruebas coincidentes
Distribución de puntuación
Porcentaje de gente con cada puntuación
Porcentaje por número respondido
Historial de tus puntuaciones
No has intentado esta prueba.